| 000 | 00789nam a2200181 4500 | ||
|---|---|---|---|
| 005 | 20230911122719.0 | ||
| 010 | _aHIN-125810 | ||
| 020 |
_c400.00 _a9788189433512 |
||
| 035 | _aHN-98156 | ||
| 037 | _bDBAD/PUB | ||
| 082 | _a500 | ||
| 100 |
_aसिंह, अंजना _956199 |
||
| 245 |
_aविज्ञान शिक्षण/ _cकुमार विक्रमादित्य _hहिंदी |
||
| 260 |
_aदिल्ली _bकैलिवर प्रकाशन एवं वितरण _c2018 |
||
| 270 |
_aL-45, द्वितीय तल, गली न.-5, शिवाजी मार्ग , करतार नगर _bदिल्ली |
||
| 300 |
_a160 p (सजिल्द) _c22cm(pbk) |
||
| 942 |
_2ddc _cHN _h500 _mसिंहअ |
||
| 999 |
_c197841 _d197841 |
||